| 000 | 02831nam a2200457Ia 4500 | ||
|---|---|---|---|
| 001 | dia_1905 | ||
| 003 | CHAP | ||
| 005 | 20240322184950.0 | ||
| 007 | ta | ||
| 008 | 220117s2010 mx abdofr 001 0 spa d | ||
| 040 |
_cCHAP _amxchpua |
||
| 090 |
_aT.C.530 _bR49 IAI _c2010 |
||
| 245 | 1 | 0 |
_aRuta Tamaulipas Sur de Texas 2010 / _ccoordinadora Diana América Reyna Izaguirre ; colaboradores Blanca Aidé Albarrán Contreras...[et al.] |
| 260 |
_aMéxico : _bEl autor, _c2010 |
||
| 300 |
_a162 hojas : _bilustraciones, mapas, gráficas, diagramas, tablas, fotos |
||
| 336 |
_2rdacontent _atexto _btxt |
||
| 337 |
_2rdamedia _ano mediado _bn |
||
| 338 |
_2rdacarrier _avolumen _bnc |
||
| 500 | _a5° año Grupo 2 -- Directorio: h. 158-162 | ||
| 502 |
_aViaje de estudios _b(IAI) - _cUACh, Departamento de Agroindustrias, _d2010 |
||
| 505 |
_aEmpresas visitadas: -- _t1. Quesos La Carreta -- 2. Puerto Tampico Tamaulipas, S. A. de C. V. -- 3. Congeladora Rey-Mar de Tampico, S. A. de C. V. -- 4. Frigorífico y Empacadora Rodolfo Mariño Rodríguez Establecimiento Tipo Inspección Federal (TIF) 195 -- 5. Empresa de Sábila Orgánica Gildan, S. de R. L. de C. V. -- 6. Tequilera La Gonzaleña, S. A. de C. V. -- 7. Comité para el fomento e Investigación Citrícola del Estado de Tamaulipas -- 8. Empacadora CITROCEL, S. A. de C. V. -- 9. Comité Estatal de Sanidad Vegetal de Tamaulipas Centro de Empaque de Moscas de la Fruta Estériles de Tamaulipas -- 10. FIRA -- 11. SEMARNAT -- 12. Productos Naturales de Cítricos, S. de P. R. de R. L. -- 13. Proteínas básicas, S. A. de C. V. -- 14. Centro de Acopio Dr. Francisco Galván Malo S. P. R. de R. L. -- 15. King Ranch Visitor Center -- 16. Texas A & M University Kingsville -- 17. Puerto Corpus Christi, Tex. -- 18. Planter´s Grain Coop. -- 19. Ingenio azucarero Río Grande Valley Sugar Growers, Inc. -- 20. Empresa Procesadora de Sábila Aloe King -- 21. Ingenio El Mante, S. A. de C. V. |
||
| 650 | 1 | 3 |
_aIndustria azucarera _957780 |
| 650 | 1 | 3 |
_aIndustria de los alimentos _9148659 |
| 650 | 1 | 3 |
_aIndustria de productos agrícolas _9151277 |
| 650 | 1 | 3 |
_aIndustria del ganado y de la carne _9147937 |
| 650 | 1 | 3 |
_aIndustria quesera _9142511 |
| 650 | 1 | 3 |
_aCheese industry _9154162 |
| 650 | 1 | 3 |
_aHorticultural products industry _9151276 |
| 650 | 1 | 3 |
_aLivestock and meat industry _9147938 |
| 650 | 1 | 3 |
_aFood industry _9148657 |
| 650 | 1 | 3 |
_aSugar industry _9151278 |
| 700 | 1 |
_aReyna Izaguirre, Diana América _9147338 _ecoordinadora |
|
| 700 | 1 |
_aAlbarrán Contreras, Blanca Aidé _9125613 _ecolaboradora |
|
| 901 | _aT.C.530 R49 IAI 2010 | ||
| 902 | _aA | ||
| 905 | _a5232272010 mx din 8222223322spa16 | ||
| 942 | _2local | ||
| 942 | _cVE | ||
| 999 |
_c176704 _d176704 |
||